| 000 | 00352nam a2200121 a 4500 | ||
|---|---|---|---|
| 001 | 000046378 | ||
| 005 | 20201002052828.0 | ||
| 008 | 150806s1989 000 spa d | ||
| 040 |
_aDO-SdBNP _bspa _cBNPHU |
||
| 245 | 0 | _aEstrategia y tactica del partido comunista Dominicano (PCD). | |
| 260 |
_aSanto Domingo : _bs. n., _c1989. |
||
| 300 |
_a52 p. ; _c21 cm. |
||
| 999 |
_c45867 _d45867 |
||